| 000 | 00353 a2200157 4500 | ||
|---|---|---|---|
| 001 | 74603 | ||
| 020 | _a8533907125 | ||
| 040 | _cAnchieta - Colégio São Paulo | ||
| 100 | _aVieira, Isabel | ||
| 240 | 1 | 0 |
_aA ilha do tesouro _lpor |
| 245 | 1 | 0 | _aA ilha do tesouro |
| 300 | _a32 | ||
| 362 | 0 | _a2004 | |
| 650 | 4 | _aLiteratura infanto-juvenil | |
| 942 | _cBK | ||
| 999 |
_c74603 _d74603 |
||